<?xml version="1.0" encoding="UTF-8"?>
<record
    xmlns:xsi="http://www.w3.org/2001/XMLSchema-instance"
    xsi:schemaLocation="http://www.loc.gov/MARC21/slim http://www.loc.gov/standards/marcxml/schema/MARC21slim.xsd"
    xmlns="http://www.loc.gov/MARC21/slim">

  <leader>00695nam a2200217Ia 4500</leader>
  <controlfield tag="005">20240522085604.0</controlfield>
  <controlfield tag="008">210716s2002    xx            000 0 und d</controlfield>
  <datafield tag="020" ind1=" " ind2=" ">
    <subfield code="a">8120321413</subfield>
  </datafield>
  <datafield tag="040" ind1=" " ind2=" ">
    <subfield code="c">AIMIT LIBRARY</subfield>
  </datafield>
  <datafield tag="041" ind1=" " ind2=" ">
    <subfield code="a">eng</subfield>
  </datafield>
  <datafield tag="082" ind1=" " ind2=" ">
    <subfield code="a">005.73 </subfield>
    <subfield code="2">2</subfield>
    <subfield code="b">CORT</subfield>
  </datafield>
  <datafield tag="100" ind1=" " ind2=" ">
    <subfield code="a">Cormen, Thomas H.</subfield>
    <subfield code="9">165972</subfield>
  </datafield>
  <datafield tag="245" ind1=" " ind2=" ">
    <subfield code="a">Introduction to algorithms/ </subfield>
    <subfield code="c">by Thomas H Cormen...[et.al].</subfield>
  </datafield>
  <datafield tag="250" ind1=" " ind2=" ">
    <subfield code="a">2nd ed.</subfield>
  </datafield>
  <datafield tag="260" ind1=" " ind2=" ">
    <subfield code="a">New Delhi :</subfield>
    <subfield code="b">Prentice Hall of India ,</subfield>
    <subfield code="c">2002.</subfield>
  </datafield>
  <datafield tag="300" ind1=" " ind2=" ">
    <subfield code="a">xix,1180 p.;</subfield>
    <subfield code="b">PB</subfield>
    <subfield code="c">25 cm.</subfield>
  </datafield>
  <datafield tag="650" ind1=" " ind2=" ">
    <subfield code="a">Growth of function</subfield>
    <subfield code="9">165973</subfield>
  </datafield>
  <datafield tag="650" ind1=" " ind2=" ">
    <subfield code="a">Probabilistic analysis and randomized algorithms</subfield>
    <subfield code="9">165974</subfield>
  </datafield>
  <datafield tag="650" ind1=" " ind2=" ">
    <subfield code="a">Binary search trees</subfield>
    <subfield code="9">165975</subfield>
  </datafield>
  <datafield tag="942" ind1=" " ind2=" ">
    <subfield code="2">ddc</subfield>
    <subfield code="c">BK</subfield>
    <subfield code="e">2nd</subfield>
    <subfield code="k">005.73 CORT</subfield>
  </datafield>
  <datafield tag="999" ind1=" " ind2=" ">
    <subfield code="c">186003</subfield>
    <subfield code="d">186003</subfield>
  </datafield>
  <datafield tag="952" ind1=" " ind2=" ">
    <subfield code="0">0</subfield>
    <subfield code="1">0</subfield>
    <subfield code="2">ddc</subfield>
    <subfield code="4">0</subfield>
    <subfield code="7">0</subfield>
    <subfield code="8">MCA</subfield>
    <subfield code="a">AIMIT</subfield>
    <subfield code="b">AIMIT</subfield>
    <subfield code="e">Premier Bookshop</subfield>
    <subfield code="g">325.00</subfield>
    <subfield code="i">Bill no:107/J1/2003; Bill dt:200</subfield>
    <subfield code="l">0</subfield>
    <subfield code="o">005.73 CORT</subfield>
    <subfield code="p">MCA05305</subfield>
    <subfield code="r">2026-05-23 00:00:00</subfield>
    <subfield code="v">260.00</subfield>
    <subfield code="w">2021-07-16</subfield>
    <subfield code="y">BK</subfield>
  </datafield>
  <datafield tag="952" ind1=" " ind2=" ">
    <subfield code="0">0</subfield>
    <subfield code="1">0</subfield>
    <subfield code="2">ddc</subfield>
    <subfield code="4">0</subfield>
    <subfield code="7">0</subfield>
    <subfield code="8">MCA</subfield>
    <subfield code="a">AIMIT</subfield>
    <subfield code="b">AIMIT</subfield>
    <subfield code="e">Sita Book House</subfield>
    <subfield code="g">325.00</subfield>
    <subfield code="i">Bill no:5123; Bill dt:2003-04-05</subfield>
    <subfield code="l">0</subfield>
    <subfield code="o">005.73 CORT</subfield>
    <subfield code="p">MCA05511</subfield>
    <subfield code="r">2026-05-23 00:00:00</subfield>
    <subfield code="v">260.00</subfield>
    <subfield code="w">2021-07-16</subfield>
    <subfield code="y">BK</subfield>
  </datafield>
  <datafield tag="952" ind1=" " ind2=" ">
    <subfield code="0">0</subfield>
    <subfield code="1">0</subfield>
    <subfield code="2">ddc</subfield>
    <subfield code="4">0</subfield>
    <subfield code="7">0</subfield>
    <subfield code="8">MCA</subfield>
    <subfield code="a">AIMIT</subfield>
    <subfield code="b">AIMIT</subfield>
    <subfield code="e">Premier Bookshop</subfield>
    <subfield code="g">325.00</subfield>
    <subfield code="i">Bill no:403/FEB/2004; Bill dt:20</subfield>
    <subfield code="l">0</subfield>
    <subfield code="o">005.73 CORT</subfield>
    <subfield code="p">MCA05651</subfield>
    <subfield code="r">2026-05-23 00:00:00</subfield>
    <subfield code="v">260.00</subfield>
    <subfield code="w">2021-07-16</subfield>
    <subfield code="y">BK</subfield>
  </datafield>
  <datafield tag="952" ind1=" " ind2=" ">
    <subfield code="0">0</subfield>
    <subfield code="1">0</subfield>
    <subfield code="2">ddc</subfield>
    <subfield code="4">0</subfield>
    <subfield code="7">0</subfield>
    <subfield code="8">MCA</subfield>
    <subfield code="a">AIMIT</subfield>
    <subfield code="b">AIMIT</subfield>
    <subfield code="e">Infosys Technologies Ltd</subfield>
    <subfield code="g">325.00</subfield>
    <subfield code="i">Bill no:38427; Bill dt:2007-04-1</subfield>
    <subfield code="l">0</subfield>
    <subfield code="o">005.73 CORT</subfield>
    <subfield code="p">MCA07531</subfield>
    <subfield code="r">2026-05-23 00:00:00</subfield>
    <subfield code="v">260.00</subfield>
    <subfield code="w">2021-07-16</subfield>
    <subfield code="y">BK</subfield>
  </datafield>
  <datafield tag="952" ind1=" " ind2=" ">
    <subfield code="0">0</subfield>
    <subfield code="1">0</subfield>
    <subfield code="2">ddc</subfield>
    <subfield code="4">0</subfield>
    <subfield code="7">0</subfield>
    <subfield code="8">MCA</subfield>
    <subfield code="a">AIMIT</subfield>
    <subfield code="b">AIMIT</subfield>
    <subfield code="e">Infosys Technologies Ltd</subfield>
    <subfield code="g">325.00</subfield>
    <subfield code="i">Bill no:38427; Bill dt:2007-04-1</subfield>
    <subfield code="l">0</subfield>
    <subfield code="o">005.73 CORT</subfield>
    <subfield code="p">MCA07532</subfield>
    <subfield code="r">2026-05-23 00:00:00</subfield>
    <subfield code="v">260.00</subfield>
    <subfield code="w">2021-07-16</subfield>
    <subfield code="y">BK</subfield>
  </datafield>
  <datafield tag="952" ind1=" " ind2=" ">
    <subfield code="0">0</subfield>
    <subfield code="1">0</subfield>
    <subfield code="2">ddc</subfield>
    <subfield code="4">0</subfield>
    <subfield code="7">0</subfield>
    <subfield code="8">MCA</subfield>
    <subfield code="a">AIMIT</subfield>
    <subfield code="b">AIMIT</subfield>
    <subfield code="e">Infosys Technologies Ltd</subfield>
    <subfield code="g">325.00</subfield>
    <subfield code="i">Bill no:38427; Bill dt:2007-04-1</subfield>
    <subfield code="l">0</subfield>
    <subfield code="o">005.73 CORT</subfield>
    <subfield code="p">MCA07535</subfield>
    <subfield code="r">2026-05-23 00:00:00</subfield>
    <subfield code="v">260.00</subfield>
    <subfield code="w">2021-07-16</subfield>
    <subfield code="y">BK</subfield>
  </datafield>
  <datafield tag="952" ind1=" " ind2=" ">
    <subfield code="0">0</subfield>
    <subfield code="1">0</subfield>
    <subfield code="2">ddc</subfield>
    <subfield code="4">0</subfield>
    <subfield code="7">0</subfield>
    <subfield code="8">MCA</subfield>
    <subfield code="a">AIMIT</subfield>
    <subfield code="b">AIMIT</subfield>
    <subfield code="e">Infosys Technologies Ltd</subfield>
    <subfield code="g">325.00</subfield>
    <subfield code="i">Bill no:38427; Bill dt:2007-04-1</subfield>
    <subfield code="l">0</subfield>
    <subfield code="o">005.73 CORT</subfield>
    <subfield code="p">MCA07704</subfield>
    <subfield code="r">2026-05-23 00:00:00</subfield>
    <subfield code="v">260.00</subfield>
    <subfield code="w">2021-07-16</subfield>
    <subfield code="y">BK</subfield>
  </datafield>
  <datafield tag="952" ind1=" " ind2=" ">
    <subfield code="0">0</subfield>
    <subfield code="1">0</subfield>
    <subfield code="2">ddc</subfield>
    <subfield code="4">0</subfield>
    <subfield code="7">0</subfield>
    <subfield code="8">MCA</subfield>
    <subfield code="a">AIMIT</subfield>
    <subfield code="b">AIMIT</subfield>
    <subfield code="e">Infosys Technologies Ltd</subfield>
    <subfield code="g">325.00</subfield>
    <subfield code="i">Bill no:38427; Bill dt:2007-04-1</subfield>
    <subfield code="l">0</subfield>
    <subfield code="o">005.73 CORT</subfield>
    <subfield code="p">MCA07705</subfield>
    <subfield code="r">2026-05-23 00:00:00</subfield>
    <subfield code="v">260.00</subfield>
    <subfield code="w">2021-07-16</subfield>
    <subfield code="y">BK</subfield>
  </datafield>
  <datafield tag="952" ind1=" " ind2=" ">
    <subfield code="0">0</subfield>
    <subfield code="1">0</subfield>
    <subfield code="2">ddc</subfield>
    <subfield code="4">0</subfield>
    <subfield code="7">0</subfield>
    <subfield code="8">MCA</subfield>
    <subfield code="a">AIMIT</subfield>
    <subfield code="b">AIMIT</subfield>
    <subfield code="e">Infosys Technologies Ltd</subfield>
    <subfield code="g">325.00</subfield>
    <subfield code="i">Bill no:38427; Bill dt:2007-04-1</subfield>
    <subfield code="l">0</subfield>
    <subfield code="o">005.73 CORT</subfield>
    <subfield code="p">MCA07706</subfield>
    <subfield code="r">2026-05-23 00:00:00</subfield>
    <subfield code="v">260.00</subfield>
    <subfield code="w">2021-07-16</subfield>
    <subfield code="y">BK</subfield>
  </datafield>
  <datafield tag="952" ind1=" " ind2=" ">
    <subfield code="0">0</subfield>
    <subfield code="1">0</subfield>
    <subfield code="2">ddc</subfield>
    <subfield code="4">0</subfield>
    <subfield code="7">0</subfield>
    <subfield code="8">MCA</subfield>
    <subfield code="a">AIMIT</subfield>
    <subfield code="b">AIMIT</subfield>
    <subfield code="e">Infosys Technologies Ltd</subfield>
    <subfield code="g">325.00</subfield>
    <subfield code="i">Bill no:38427; Bill dt:2007-04-1</subfield>
    <subfield code="l">0</subfield>
    <subfield code="o">005.73 CORT</subfield>
    <subfield code="p">MCA07707</subfield>
    <subfield code="r">2026-05-23 00:00:00</subfield>
    <subfield code="v">260.00</subfield>
    <subfield code="w">2021-07-16</subfield>
    <subfield code="y">BK</subfield>
  </datafield>
  <datafield tag="952" ind1=" " ind2=" ">
    <subfield code="0">0</subfield>
    <subfield code="1">0</subfield>
    <subfield code="2">ddc</subfield>
    <subfield code="4">0</subfield>
    <subfield code="7">0</subfield>
    <subfield code="8">MCA</subfield>
    <subfield code="a">AIMIT</subfield>
    <subfield code="b">AIMIT</subfield>
    <subfield code="e">Infosys Technologies Ltd</subfield>
    <subfield code="g">325.00</subfield>
    <subfield code="i">Bill no:38427; Bill dt:2007-04-1</subfield>
    <subfield code="l">0</subfield>
    <subfield code="o">005.73 CORT</subfield>
    <subfield code="p">MCA07708</subfield>
    <subfield code="r">2026-05-23 00:00:00</subfield>
    <subfield code="v">260.00</subfield>
    <subfield code="w">2021-07-16</subfield>
    <subfield code="y">BK</subfield>
  </datafield>
  <datafield tag="952" ind1=" " ind2=" ">
    <subfield code="0">0</subfield>
    <subfield code="1">0</subfield>
    <subfield code="2">ddc</subfield>
    <subfield code="4">0</subfield>
    <subfield code="7">0</subfield>
    <subfield code="8">MCA</subfield>
    <subfield code="a">AIMIT</subfield>
    <subfield code="b">AIMIT</subfield>
    <subfield code="e">Infosys Technologies Ltd</subfield>
    <subfield code="g">325.00</subfield>
    <subfield code="i">Bill no:38427; Bill dt:2007-04-1</subfield>
    <subfield code="l">0</subfield>
    <subfield code="o">005.73 CORT</subfield>
    <subfield code="p">MCA07709</subfield>
    <subfield code="r">2026-05-23 00:00:00</subfield>
    <subfield code="v">260.00</subfield>
    <subfield code="w">2021-07-16</subfield>
    <subfield code="y">BK</subfield>
  </datafield>
  <datafield tag="952" ind1=" " ind2=" ">
    <subfield code="0">0</subfield>
    <subfield code="1">0</subfield>
    <subfield code="2">ddc</subfield>
    <subfield code="4">0</subfield>
    <subfield code="7">0</subfield>
    <subfield code="8">MCA</subfield>
    <subfield code="a">AIMIT</subfield>
    <subfield code="b">AIMIT</subfield>
    <subfield code="e">Infosys Technologies Ltd</subfield>
    <subfield code="g">325.00</subfield>
    <subfield code="i">Bill no:38427; Bill dt:2007-04-1</subfield>
    <subfield code="l">0</subfield>
    <subfield code="o">005.73 CORT</subfield>
    <subfield code="p">MCA07710</subfield>
    <subfield code="r">2026-05-23 00:00:00</subfield>
    <subfield code="v">260.00</subfield>
    <subfield code="w">2021-07-16</subfield>
    <subfield code="y">BK</subfield>
  </datafield>
  <datafield tag="952" ind1=" " ind2=" ">
    <subfield code="0">0</subfield>
    <subfield code="1">0</subfield>
    <subfield code="2">ddc</subfield>
    <subfield code="4">0</subfield>
    <subfield code="7">0</subfield>
    <subfield code="8">MCA</subfield>
    <subfield code="a">AIMIT</subfield>
    <subfield code="b">AIMIT</subfield>
    <subfield code="e">Infosys Technologies Ltd</subfield>
    <subfield code="g">325.00</subfield>
    <subfield code="i">Bill no:38427; Bill dt:2007-04-1</subfield>
    <subfield code="l">0</subfield>
    <subfield code="o">005.73 CORT</subfield>
    <subfield code="p">MCA07711</subfield>
    <subfield code="r">2026-05-23 00:00:00</subfield>
    <subfield code="v">260.00</subfield>
    <subfield code="w">2021-07-16</subfield>
    <subfield code="y">BK</subfield>
  </datafield>
  <datafield tag="952" ind1=" " ind2=" ">
    <subfield code="0">0</subfield>
    <subfield code="1">0</subfield>
    <subfield code="2">ddc</subfield>
    <subfield code="4">0</subfield>
    <subfield code="7">0</subfield>
    <subfield code="8">MCA</subfield>
    <subfield code="a">AIMIT</subfield>
    <subfield code="b">AIMIT</subfield>
    <subfield code="d">2024-05-27</subfield>
    <subfield code="e">Sita Book House</subfield>
    <subfield code="g">325.00</subfield>
    <subfield code="i">Bill no:5123; Bill dt:2003-4--05</subfield>
    <subfield code="l">0</subfield>
    <subfield code="o">005.73  CORT</subfield>
    <subfield code="p">MCA05028</subfield>
    <subfield code="r">2026-05-23 00:00:00</subfield>
    <subfield code="v">260.00</subfield>
    <subfield code="w">2024-05-27</subfield>
    <subfield code="y">BK</subfield>
  </datafield>
</record>
